Class Clown- Conan Gray (Lyrics) - Statistics

General Stats
  • This quiz has been taken 20 times
  • The average score is 287 of 300
Answer Stats
Part Lyrics % Correct
a
100%
about
100%
all
100%
already
100%
and
100%
And
100%
around
100%
back
100%
be
100%
blondies
100%
blood
100%
but
100%
But
100%
class
100%
clown
100%
comes
100%
crystal
100%
do
100%
Don't
100%
down
100%
Bridge | Chorus Everything
100%
everything
100%
feel
100%
for
100%
funny
100%
get
100%
glass
100%
grow
100%
hear
100%
her
100%
home
100%
I
100%
if
100%
in
100%
It
100%
it
100%
It's
100%
it's
100%
joke
100%
jokes
100%
just
100%
know
100%
let
100%
like
100%
Like
100%
million
100%
my
100%
Nothing
100%
now
100%
of
100%
old
100%
older
100%
out
100%
pouring
100%
sister
100%
start
100%
still
100%
talk
100%
that
100%
the
100%
there's
100%
through
100%
to
100%
trailer
100%
trash
100%
version
100%
We
100%
we
100%
While
100%
will
100%
younger
100%
am
91%
are
91%
bag
91%
barely
91%
barreling
91%
beautiful
91%
biggest
91%
can
91%
clutching
91%
didn't
91%
fists
91%
friends
91%
From
91%
from
91%
go
91%
Verse 1 Growing
91%
Half
91%
heavy
91%
how
91%
I'd
91%
I'll
91%
is
91%
Laughing
91%
laughing
91%
man
91%
Mm
91%
mm
91%
(Mm
91%
mm)
91%
on
91%
over
91%
phone
91%
pine
91%
singing
91%
smile
91%
sorta
91%
stop
91%
their
91%
this
91%
topic
91%
tricks
91%
tryna
91%
up
91%
vanish
91%
wanna
91%
was
91%
who
91%
with
91%
Outro (Ah
82%
ah)
82%
at
82%
Verse 3 Been
82%
early
82%
earth
82%
either
82%
father
82%
fault
82%
I'm
82%
latest
82%
limbs
82%
moment
82%
none
82%
pick
82%
ribs
82%
shit
82%
stick
82%
Verse 2 Take
82%
Trying
82%
way
82%
where
82%
your
82%
'Cause
73%
learned
73%
turns
73%
twists
73%
laughed
64%
or
64%
writhes
64%
own
45%
No matching quizzes found
Score Distribution
Percent of People with Each Score
Percentile by Number Answered
Your Score History
You have not taken this quiz